Источник магнитной индукции для воспроизведения слабых магнитных полей высокой однородности: автореферат диссертации на соискание ученой степени кандидата технических наук; спец. 2.2.4
| Hovedforfatter: | |
|---|---|
| Institution som forfatter: | |
| Andre forfattere: | |
| Summary: | Заглавие с титульного экрана Электронная версия печатной публикации Защита сост. 21.01.2025 На правах рукописи Текстовый файл |
| Sprog: | russisk |
| Udgivet: |
Томск, 2024
|
| Fag: | |
| Online adgang: | https://earchive.tpu.ru/handle/11683/81626 |
| Format: | Electronisk Bog |
| KOHA link: | https://koha.lib.tpu.ru/cgi-bin/koha/opac-detail.pl?biblionumber=676896 |
MARC
| LEADER | 00000nam0a2200000 4500 | ||
|---|---|---|---|
| 001 | 676896 | ||
| 005 | 20241128092138.0 | ||
| 090 | |a 676896 | ||
| 100 | |a 20241122d2024 k||y0rusy50 ca | ||
| 101 | 0 | |a rus | |
| 102 | |a RU | ||
| 105 | |a a dm 001yy | ||
| 135 | |a drcn ---uucaa | ||
| 181 | 0 | |a i |b e | |
| 182 | 0 | |a b | |
| 183 | 0 | |a cr |2 RDAcarrier | |
| 200 | 1 | |a Источник магнитной индукции для воспроизведения слабых магнитных полей высокой однородности |f Затонов Иван Андреевич |e автореферат диссертации на соискание ученой степени кандидата технических наук |e спец. 2.2.4 |g науч. рук. П. Ф. Баранов ; Национальный исследовательский Томский политехнический университет | |
| 203 | |a Текст |c электронный |b визуальный | ||
| 210 | 1 | |a Томск |d 2024 | |
| 215 | |a 1 файл (1 713 КБ, 22 с.) |c pdf | ||
| 283 | |2 RDAcarrier |a online_resource | ||
| 300 | |a Заглавие с титульного экрана | ||
| 300 | |a Электронная версия печатной публикации | ||
| 300 | |a Защита сост. 21.01.2025 | ||
| 320 | |a Публикации по теме диссертации: с. 21-22 (13 назв.) | ||
| 333 | |a На правах рукописи | ||
| 336 | |a Текстовый файл | ||
| 606 | 1 | |a Электромагнитная индукция |x (электротехника) |9 83883 | |
| 610 | 1 | |a магнитная индукция | |
| 610 | 1 | |a магнитные поля | |
| 610 | 1 | |a электромагнитные поля | |
| 610 | 1 | |a слабые магнитные поля | |
| 610 | 1 | |a система катушек | |
| 610 | 1 | |a объем однородности | |
| 610 | 1 | |a однородность | |
| 610 | 1 | |a аналитические расчеты | |
| 610 | 1 | |a конечно-элементный анализ | |
| 610 | 1 | |a практическая реализация | |
| 610 | 1 | |a экспериментальные исследования | |
| 610 | 1 | |a электронный ресурс | |
| 610 | 1 | |a авторефераты диссертаций | |
| 610 | 1 | |a труды учёных ТПУ | |
| 675 | |a 621.3.013(04) |v 4 | ||
| 686 | |2 oksvnk |a 05.11.01 | ||
| 700 | 1 | |a Затонов |b И. А. |c специалист в области электроники |c инженер-электроник, ассистент Томского политехнического университета |f 1995- |g Иван Андреевич |9 19685 | |
| 702 | 1 | |a Баранов |b П. Ф. |c специалист в области контрольно-измерительной техники |c доцент Томского политехнического университета, программист, кандидат технических наук |f 1987- |g Павел Федорович |4 727 |9 14747 | |
| 712 | 0 | 2 | |a Национальный исследовательский Томский политехнический университет |c (2009- ) |4 570 |9 26305 |
| 801 | 0 | |a RU |b 63413507 |c 20241122 |g RCR | |
| 850 | |a 63413507 | ||
| 856 | 4 | |u https://earchive.tpu.ru/handle/11683/81626 |z https://earchive.tpu.ru/handle/11683/81626 | |
| 942 | |c CF | ||